| 000 -LEADER |
| fixed length control field |
00650nam a2200205Ia 4500 |
| 001 - CONTROL NUMBER |
| control field |
13694 |
| 003 - CONTROL NUMBER IDENTIFIER |
| control field |
GE_BSU |
| 008 - FIXED-LENGTH DATA ELEMENTS--GENERAL INFORMATION |
| fixed length control field |
181216s||||||||xx |||||||||||||| ||und|| |
| 040 ## - CATALOGING SOURCE |
| Transcribing agency |
GE_BSU |
| 080 ## - UNIVERSAL DECIMAL CLASSIFICATION NUMBER |
| Universal Decimal Classification number |
621.75(035.3) |
| 245 ## - TITLE STATEMENT |
| Title |
Нормирование расхода материалов в машиностроении. Том.II. |
| 245 ## - TITLE STATEMENT |
| Remainder of title |
Справочник. |
| 245 ## - TITLE STATEMENT |
| Statement of responsibility, etc. |
Под ред. В.В.Валетова. |
| 260 ## - PUBLICATION, DISTRIBUTION, ETC. |
| Place of publication, distribution, etc. |
М. |
| 260 ## - PUBLICATION, DISTRIBUTION, ETC. |
| Name of publisher, distributor, etc. |
Машгиз. |
| 260 ## - PUBLICATION, DISTRIBUTION, ETC. |
| Date of publication, distribution, etc. |
1961. |
| 300 ## - PHYSICAL DESCRIPTION |
| Extent |
480 стр. 22 см. |
| 653 ## - INDEX TERM--UNCONTROLLED |
| Uncontrolled term |
Нормирование расхода материалов в машиностроении. |
| 942 ## - ADDED ENTRY ELEMENTS (KOHA) |
| Koha item type |
წიგნი |